000 00605nam a2200181Ia 4500
008 090124s9999 xx 000 0 und d
082 _b29892
_a4042
100 _aसोनग्रा रतनलाल
245 _a आमची चळवळ आमची माणसं
250 _a1
260 _c1998
300 _a142
600 _aसोनग्रा रतनलाल
630 _a आमची चळवळ आमची माणसं
700 _aसोनग्रा रतनलाल
730 _a आमची चळवळ आमची माणसं
942 _cBOOK
999 _c143374
_d143374